[Event "AUTO-OPEN-4596"]
[Site "http://www.queenalice.com/game.php?id=1864022"]
[Date "2025.10.9"]
[Round "2"]
[White "hjs50667"]
[Black "grotegeest"]
[Result "0-1"]
[WhiteElo "2367"]
[BlackElo "2563"]

1. e4 c5 2. Nf3 d6 3. d4 cxd4 4. Qxd4 Nc6 5. Bb5 Bd7 6. Bxc6 Bxc6 7. Nc3 Nf6 8.
Bg5 e6 9. Bxf6 Qxf6 10. Qxf6 gxf6 11. O-O-O a6 12. Nd4 Bd7 0-1

[Event "AUTO-OPEN-4596"]
[Site "http://www.queenalice.com/game.php?id=1864023"]
[Date "2025.10.9"]
[Round "2"]
[White "grotegeest"]
[Black "Zero007"]
[Result "1-0"]
[WhiteElo "2579"]
[BlackElo "2074"]

1. e4 c6 2. d4 d5 3. exd5 cxd5 4. c4 e6 5. Nc3 Nf6 6. Nf3 Be7 7. cxd5 exd5 8.
Bd3 O-O 9. O-O Nc6 10. h3 Re8 11. Be3 Be6 12. Ne5 a6 13. f4 1-0

[Event "AUTO-OPEN-4596"]
[Site "http://www.queenalice.com/game.php?id=1864024"]
[Date "2025.10.9"]
[Round "2"]
[White "Zero007"]
[Black "grotegeest"]
[Result "0-1"]
[WhiteElo "2106"]
[BlackElo "2567"]

1. e4 c5 2. Nf3 d6 3. d4 cxd4 4. Nxd4 Nf6 5. Nc3 g6 6. Be2 Bg7 7. Be3 O-O 8. O-O
Nc6 9. f4 Qb6 10. Rb1 Nxe4 11. Nf5 Nxc3 12. bxc3 Qc7 13. Nxg7 Kxg7 14. Rb5 f6
15. Qd2 Rf7 16. Rfb1 b6 17. R5b2 Na5 0-1

[Event "AUTO-ELITE-2597"]
[Site "http://www.queenalice.com/game.php?id=1865002"]
[Date "2025.11.2"]
[Round "1"]
[White "trompmaster"]
[Black "grotegeest"]
[Result "1-0"]
[WhiteElo "2457"]
[BlackElo "2580"]

1. e4 c5 2. c3 d5 3. exd5 Nf6 4. Qa4+ Nbd7 5. c4 b5 6. Qxb5 Rb8 7. Qa4 e6 8.
dxe6 fxe6 9. Nf3 Bd6 10. Be2 O-O 11. d3 Bb7 12. Nbd2 Ne5 13. Nxe5 Bxe5 14. O-O
1-0

[Event "AUTO-ELITE-2597"]
[Site "http://www.queenalice.com/game.php?id=1865003"]
[Date "2025.11.2"]
[Round "1"]
[White "grotegeest"]
[Black "trompmaster"]
[Result "0-1"]
[WhiteElo "2575"]
[BlackElo "2470"]

1. e4 e5 2. Nf3 Nc6 3. Bb5 a6 4. Ba4 Nf6 5. d3 b5 6. Bb3 Bb7 7. O-O Bc5 8. a4 b4
9. a5 O-O 10. Bg5 d6 11. c3 h6 12. Bh4 g5 13. Nxg5 hxg5 14. Bxg5 Kg7 15. Qf3 Bc8
16. Nd2 Rb8 17. Bd5 Bd7 0-1

[Event "AUTO-ELITE-2597"]
[Site "http://www.queenalice.com/game.php?id=1865010"]
[Date "2025.11.2"]
[Round "1"]
[White "grotegeest"]
[Black "raulzampronha"]
[Result "1-0"]
[WhiteElo "2580"]
[BlackElo "2244"]

1. e4 c5 2. Nf3 e6 3. d4 cxd4 4. Nxd4 Nc6 5. Nc3 Nf6 6. Ndb5 d6 7. Bf4 e5 8. Bg5
a6 9. Na3 b5 10. Bxf6 gxf6 11. Nd5 Bg7 12. Bd3 f5 13. exf5 Qg5 14. Be4 O-O 15.
h4 Qd8 16. f6 1-0

[Event "AUTO-ELITE-2597"]
[Site "http://www.queenalice.com/game.php?id=1865011"]
[Date "2025.11.2"]
[Round "1"]
[White "raulzampronha"]
[Black "grotegeest"]
[Result "0-1"]
[WhiteElo "2266"]
[BlackElo "2575"]

1. e4 c5 2. Nf3 d6 3. d4 cxd4 4. Nxd4 Nf6 5. Nc3 g6 6. Be3 Bg7 7. f3 O-O 8. Qd2
Nc6 9. Bc4 Bd7 10. O-O-O Rb8 11. Bb3 Na5 12. h4 b5 13. Kb1 Nc4 14. Bxc4 bxc4 15.
Ka1 h5 16. Rb1 Qa5 17. Nd5 Qxd2 18. Nxe7+ Kh8 19. Bxd2 Rfe8 20. Nec6 Rb6 21. Na5
Nxe4 22. Bc3 Nxc3 23. bxc3 d5 24. Nb7 Re3 25. Rxb6 axb6 26. Kb2 Be5 0-1

[Event "AUTO-ELITE-2599"]
[Site "http://www.queenalice.com/game.php?id=1865649"]
[Date "2025.11.16"]
[Round "1"]
[White "Sexxy_Bunny"]
[Black "grotegeest"]
[Result "1/2-1/2"]
[WhiteElo "2657"]
[BlackElo "2586"]

1. e4 c5 2. Nf3 d6 3. d4 cxd4 4. Nxd4 Nf6 5. Nc3 g6 6. Be3 Bg7 7. f3 O-O 8. Qd2
Nc6 9. Bc4 Bd7 10. O-O-O Rb8 11. Bb3 Na5 12. Bh6 Bxh6 13. Qxh6 b5 14. g4 b4 15.
Nd5 Nxb3+ 16. Nxb3 Nxd5 17. exd5 Rc8 18. h4 e5 19. dxe6 fxe6 20. h5 Be8 21. Kb1
a5 22. Nd4 Qf6 23. Qe3 e5 24. hxg6 Bxg6 25. Nf5 Bxf5 26. gxf5 Qxf5 27. Rc1 Kh8
28. Qb6 Qe6 29. b3 Rc5 30. Rcd1 Qg6 31. Rh2 Rfc8 32. Qxd6 Qxd6 33. Rxd6 Rf8 34.
Rd7 Rxf3 35. Rhxh7+ Kg8 36. Rdg7+ Kf8 37. Ra7 Kg8 38. Rhg7+ Kf8 39. Rh7 Kg8 40.
Rhg7+ Kf8 41. Rgd7 Kg8 42. Kc1 Rf2 43. Ra8+ Rf8 44. Raa7 Rf2 45. Rd8+ Rf8 46.
Rdd7 Rf2 1/2-1/2

[Event "AUTO-ELITE-2599"]
[Site "http://www.queenalice.com/game.php?id=1865650"]
[Date "2025.11.16"]
[Round "1"]
[White "grotegeest"]
[Black "Sexxy_Bunny"]
[Result "1/2-1/2"]
[WhiteElo "2583"]
[BlackElo "2675"]

1. e4 c5 2. Nf3 d6 3. d4 cxd4 4. Nxd4 Nf6 5. Nc3 a6 6. Bc4 e6 7. f4 b5 8. Bb3
Bb7 9. e5 dxe5 10. fxe5 Nfd7 11. Qh5 g6 12. Qh3 Nc6 13. Nxc6 Bxc6 14. O-O Qe7
15. Ne2 Nxe5 16. Nd4 Rd8 17. c3 Bd5 18. Qg3 Bg7 19. Bg5 f6 20. Rae1 Bxb3 21.
axb3 Rd5 22. Bf4 O-O 23. b4 Qa7 24. Rf2 Qd7 25. h4 Rf7 26. Rfe2 Bf8 27. Bxe5
Rxe5 28. Rxe5 fxe5 29. Qxe5 Bg7 30. Qb8+ Rf8 31. Qb6 Bxd4+ 32. cxd4 Qf7 33. Qxe6
Qxe6 34. Rxe6 Rf4 35. g3 Rxd4 36. Rxa6 Rxb4 37. Kf2 Rxb2+ 38. Kf3 Kg7 39. Ra7+
Kg8 40. Ra8+ 1/2-1/2

[Event "AUTO-ELITE-2599"]
[Site "http://www.queenalice.com/game.php?id=1865657"]
[Date "2025.11.16"]
[Round "1"]
[White "grotegeest"]
[Black "raulzampronha"]
[Result "1-0"]
[WhiteElo "2564"]
[BlackElo "2282"]

1. e4 c5 2. Nf3 e6 3. d4 cxd4 4. Nxd4 Nc6 5. Nc3 Nf6 6. Nxc6 bxc6 7. e5 Nd5 8.
Ne4 Qc7 9. f4 Qb6 10. c4 Ne3 11. Qd3 Nxf1 12. Rxf1 Ba6 13. b3 c5 14. Bb2 Be7 15.
O-O-O Rd8 16. f5 exf5 17. Nd6+ Bxd6 18. Qxf5 O-O 19. Rxd6 Qa5 20. Rh6 Qxa2 21.
Qxh7# 1-0

[Event "AUTO-ELITE-2599"]
[Site "http://www.queenalice.com/game.php?id=1865658"]
[Date "2025.11.16"]
[Round "1"]
[White "raulzampronha"]
[Black "grotegeest"]
[Result "0-1"]
[WhiteElo "2280"]
[BlackElo "2573"]

1. e4 c5 2. Nf3 d6 3. d4 cxd4 4. Nxd4 Nf6 5. Nc3 g6 6. Be3 Bg7 7. f3 O-O 8. Qd2
Nc6 9. O-O-O d5 10. exd5 Nxd5 11. Nxc6 bxc6 12. Nxd5 cxd5 13. Qxd5 Qc7 14. Qxa8
Bf5 15. Qxf8+ Kxf8 16. Bd3 Qe5 0-1

[Event "AUTO-ELITE-2606"]
[Site "http://www.queenalice.com/game.php?id=1867849"]
[Date "2026.1.10"]
[Round "1"]
[White "trompmaster"]
[Black "grotegeest"]
[Result "0-1"]
[WhiteElo "2464"]
[BlackElo "2587"]

1. d4 Nf6 2. Nc3 d5 3. Bf4 g6 4. e3 Bg7 5. h4 h5 6. Nf3 O-O 7. Be2 c5 8. dxc5
Qa5 9. O-O Qxc5 10. Qd4 Qa5 11. Rfd1 Nc6 12. Qd2 Bg4 13. Nd4 Bxe2 14. Qxe2 e6
15. Nb3 Qb4 16. Rac1 Ng4 17. a3 Qe7 18. Bg5 f6 19. Bf4 Rad8 20. Ra1 g5 21. Bg3
f5 22. hxg5 Qxg5 23. Bc7 Rd7 24. Bg3 d4 25. Nb5 e5 26. Nc5 Re7 27. exd4 h4 28.
Bh2 f4 29. Ne4 Qg6 30. dxe5 Nxh2 31. Kxh2 f3 32. gxf3 Nxe5 33. Rg1 Qf5 34. Nd4
Nxf3+ 35. Nxf3 Rxe4 36. Rxg7+ Kxg7 37. Rg1+ Kh6 38. Qd2+ Qf4+ 0-1

[Event "AUTO-ELITE-2606"]
[Site "http://www.queenalice.com/game.php?id=1867850"]
[Date "2026.1.10"]
[Round "1"]
[White "grotegeest"]
[Black "JailtonMaster"]
[Result "1-0"]
[WhiteElo "2570"]
[BlackElo "2203"]

1. e4 e5 2. Nf3 Nc6 3. Bb5 a6 4. Ba4 Nf6 5. O-O Be7 6. Re1 b5 7. Bb3 O-O 8. d4
Nxd4 9. Nxd4 exd4 10. e5 Ne8 11. c3 dxc3 12. Nxc3 c6 13. Bf4 d5 14. exd6 Nxd6
15. Rxe7 Qxe7 16. Bxd6 Qe8 17. Bxf8 Kxf8 18. Qh5 Kg8 19. Kf1 g6 20. Qf3 Qe2+ 21.
Nxe2 1-0

[Event "AUTO-ELITE-2606"]
[Site "http://www.queenalice.com/game.php?id=1867851"]
[Date "2026.1.10"]
[Round "1"]
[White "JailtonMaster"]
[Black "grotegeest"]
[Result "0-1"]
[WhiteElo "2216"]
[BlackElo "2574"]

1. d4 Nf6 2. c4 g6 3. Nc3 Bg7 4. Nf3 d5 5. cxd5 Nxd5 6. e4 Nxc3 7. bxc3 c5 8.
Bd3 O-O 9. O-O cxd4 10. cxd4 Nc6 11. Rb1 Nxd4 12. Nxd4 Qxd4 13. Bb2 Qd6 14. Bxg7
Kxg7 15. f4 Rd8 16. Rb3 Qd4+ 17. Kh1 Be6 18. Ra3 Bc4 19. Rf3 Qb2 20. Ra5 Bxd3
0-1

[Event "AUTO-OPEN-4596"]
[Site "http://www.queenalice.com/game.php?id=1867921"]
[Date "2026.1.12"]
[Round "3"]
[White "WoodpusherKid"]
[Black "grotegeest"]
[Result "1/2-1/2"]
[WhiteElo "2711"]
[BlackElo "2580"]

1. c4 g6 2. Nf3 Bg7 3. d4 Nf6 4. Nc3 d5 5. cxd5 Nxd5 6. e4 Nxc3 7. bxc3 c5 8. h3
O-O 9. Be2 cxd4 10. cxd4 Nc6 11. Be3 Qa5+ 12. Bd2 Qa3 13. d5 Ne5 14. O-O Bd7 15.
Rb1 Ba4 16. Qe1 Nd3 17. Bxd3 Qxd3 18. Bg5 Rfe8 19. Qb4 b5 20. Bxe7 a5 21. Qd6 b4
22. Rbc1 Bc3 23. Rfe1 Ra6 24. Qc7 Bxe1 25. Rxe1 Qc3 26. Bc5 Raa8 27. Qd6 Red8
28. Qb6 Rdb8 29. Qd6 Rd8 30. Qb6 Rdb8 31. Qd6 Rd8 32. Qb6 1/2-1/2

[Event "AUTO-OPEN-4422"]
[Site "http://www.queenalice.com/game.php?id=1868084"]
[Date "2026.1.16"]
[Round "3"]
[White "grotegeest"]
[Black "DIVYA99"]
[Result "0-1"]
[WhiteElo "2587"]
[BlackElo "2617"]

1. e4 c5 2. Nf3 d6 3. d4 cxd4 4. Nxd4 Nf6 5. Nc3 a6 6. Bc4 e6 7. f4 b5 8. Bb3
Bb7 9. e5 dxe5 10. fxe5 Nfd7 11. Qh5 g6 12. Qh3 Nc6 13. O-O Nxd4 0-1

[Event "AUTO-OPEN-4610"]
[Site "http://www.queenalice.com/game.php?id=1871187"]
[Date "2026.3.29"]
[Round "2"]
[White "Capixaba789"]
[Black "grotegeest"]
[Result "0-1"]
[WhiteElo "1836"]
[BlackElo "2585"]

1. d4 Nf6 2. c4 g6 3. Nc3 Bg7 4. e4 d6 5. f4 O-O 6. Nf3 Na6 7. Bd3 e5 8. fxe5
dxe5 9. d5 c6 10. dxc6 bxc6 11. Nxe5 Qb6 12. Qe2 Re8 13. Nf3 Nc5 14. Be3 Qxb2
15. Qxb2 Nxd3+ 0-1

[Event "AUTO-OPEN-4610"]
[Site "http://www.queenalice.com/game.php?id=1871188"]
[Date "2026.3.29"]
[Round "2"]
[White "grotegeest"]
[Black "Capixaba789"]
[Result "1-0"]
[WhiteElo "2583"]
[BlackElo "1760"]

1. e4 e5 2. Nf3 d6 3. d4 exd4 4. Nxd4 Nf6 5. Nc3 Be7 6. Bf4 O-O 7. Qd2 Bd7 8.
O-O-O a5 9. g4 Bxg4 10. f3 Bh5 11. Nf5 Nbd7 12. Rg1 Bg6 13. Nxe7+ Qxe7 14. Bg5
Qe8 15. Nb5 Qc8 16. Bh3 Qd8 17. f4 Bxe4 18. Qd4 d5 19. Bxd7 1-0

[Event "AUTO-OPEN-4610"]
[Site "http://www.queenalice.com/game.php?id=1871194"]
[Date "2026.3.29"]
[Round "2"]
[White "grotegeest"]
[Black "rockaudrey"]
[Result "1-0"]
[WhiteElo "2593"]
[BlackElo "2237"]

1. e4 c5 2. Nf3 d6 3. d4 cxd4 4. Nxd4 Nf6 5. Nc3 e6 6. f4 a6 7. Qf3 Qc7 8. g4
Nc6 9. Nxc6 bxc6 10. g5 Nd7 11. Bd2 Bb7 12. O-O-O d5 13. h4 O-O-O 14. Rh3 Bb4
15. Qf2 Bc5 16. Be3 Bxe3+ 17. Rxe3 Nc5 18. exd5 cxd5 19. Nb5 axb5 20. Rc3 1-0

[Event "AUTO-ELITE-2618"]
[Site "http://www.queenalice.com/game.php?id=1871561"]
[Date "2026.4.6"]
[Round "1"]
[White "raulzampronha"]
[Black "grotegeest"]
[Result "0-1"]
[WhiteElo "2228"]
[BlackElo "2594"]

1. e4 c5 2. Nf3 d6 3. d4 cxd4 4. Nxd4 Nf6 5. Nc3 g6 6. Be3 Bg7 7. f3 O-O 8. Qd2
Nc6 9. Bc4 Bd7 10. O-O-O Qa5 11. Bb3 Rfc8 12. h4 Ne5 13. Kb1 h5 14. Bg5 Kf8 15.
Qe2 b5 16. Ncxb5 Rab8 17. Na3 Qb6 18. Be3 Qb7 19. Bc1 a5 20. f4 Bg4 21. Qe1 Bxd1
22. fxe5 dxe5 23. Ne6+ fxe6 24. Qxd1 Qxe4 0-1

[Event "AUTO-ELITE-2618"]
[Site "http://www.queenalice.com/game.php?id=1871562"]
[Date "2026.4.6"]
[Round "1"]
[White "grotegeest"]
[Black "raulzampronha"]
[Result "1-0"]
[WhiteElo "2586"]
[BlackElo "2246"]

1. e4 c5 2. Nf3 e6 3. d4 cxd4 4. Nxd4 Nc6 5. Nc3 Qc7 6. Be3 a6 7. g4 Bb4 8. Nxc6
bxc6 9. Qd4 Bf8 10. O-O-O e5 11. Qd3 d6 12. g5 h6 13. h4 hxg5 14. Bxg5 Be6 15.
f4 f6 16. fxe5 fxg5 17. exd6 Qd7 18. e5 gxh4 19. Na4 1-0

[Event "AUTO-ELITE-2620"]
[Site "http://www.queenalice.com/game.php?id=1872292"]
[Date "2026.4.22"]
[Round "1"]
[White "grotegeest"]
[Black "raulzampronha"]
[Result "1-0"]
[WhiteElo "2584"]
[BlackElo "2261"]

1. e4 c5 2. Nf3 e6 3. c3 Nf6 4. e5 Nd5 5. d4 cxd4 6. cxd4 b6 7. Bd2 Be7 8. Nc3
Bb7 9. h4 Nxc3 10. Bxc3 O-O 11. Bd3 h6 12. Bc2 f5 13. exf6 Bxf6 14. Qd3 1-0